Artisti e canzoni che hanno vinto il Festival di Sanremo NP - Statistics

Statistiche generali
  • Questo quiz è stato fatto 208 volte
    61 dall'ultimo reset
  • Il punteggio medio è 25 su 75
Statistiche sulle risposte
Anno Cantante % Corretto
1984 Eros Ramazzotti
69%
2025 Settembre
69%
2016 Francesco Gabbani
67%
1993 Laura Pausini
63%
Amen
57%
2009 Arisa
55%
La solitudine
55%
Terra promessa
55%
2018 Ultimo
55%
Vertebre
51%
1998 Annalisa Minetti
49%
Sincerità
49%
Il ballo delle incertezze
47%
1990 Marco Masini
47%
1992 Aleandro Baldi
43%
2007 Fabrizio Moro
43%
2020 Leo Gassmann
43%
Senza te o con te
43%
Non amarmi
41%
Pensa
41%
1999 Alex Britti
39%
Amici come prima
39%
Francesca Alotta
39%
2001 Gazosa
39%
1997 Paola e Chiara
39%
1994 Andrea Bocelli
37%
2003 Dolcenera
37%
2021 Gaudiano
37%
Il mare calmo della sera
37%
1995 Neri per caso
37%
2011 Raphael Gualazzi
37%
2014 Rocco Hunt
37%
1996 Syria
37%
Non ci sto
35%
Oggi sono io
35%
1991 Paolo Vallesi
35%
2002 Anna Tatangelo
33%
Disperato
33%
Doppiamente fragili
33%
2000 Jenny B
33%
Le ragazze
33%
Stai con me (forever)
33%
2012 Alessandro Casillo
31%
Le persone inutili
31%
Polvere da sparo
31%
Semplice sai
31%
1987 Michele Zarrillo
29%
2008 Sonohra
27%
2015 Giovanni Caccamo
24%
2017 Lele
24%
1989 Mietta
24%
2013 Antonio Maggio
22%
Ora mai
22%
2010 Tony Maiello
22%
Vai bene così
22%
Canzoni
20%
Il linguaggio della resa
20%
La notte dei pensieri
20%
Nu juorno buono
20%
1985 Cinzia Corrado
18%
L'amore
18%
Mi servirebbe sapere
18%
Ritornerò da te
18%
È vero (che ci sei)
16%
Follia d'amore
16%
Non credo nei miracoli
16%
2006 Riccardo Maffoni
16%
Sole negli occhi
16%
Niente di più
14%
Siamo tutti là fuori
14%
Canta con noi
12%
2005 Carla Bono
12%
1988 Future
12%
Grande grande amore
12%
1986 Lena Biolcati
12%
Nessun quiz corrispondente trovato
Distribuzione punteggi
Percentuale di utenti per punteggio
Percentile per numero di risposta
I tuoi punteggi nel tempo
Non hai fatto questo quiz dall'ultimo reset